000 00988cam a2200289 a 4500
005 20260322212003.0
008 data
010 _a 00105957
020 _a0345442393 (pbk.)
020 _a9780345442390 (pbk.)
040 _aDLC
_cDLC
_dDLC
050 0 0 _aPN6728.P4
_bS324873 2000
082 0 0 _a741.5/973
_221
099 _aSCHULC
100 1 _aSchulz, Charles M.
_d1922-2000.
_q(Charles Monroe),
240 1 0 _aPeanuts.
_kSelections
245 1 0 _aPeanuts 2000 /
_cCharles M. Schulz.
250 _a1st ed.
260 _aNew York :
_bBallantine Books,
_c2000.
300 _a166 p. :
_bcol. ill. ;
_c23 cm.
500 _aSelections form the comic strip Peanuts.
856 4 2 _3Publisher description
_uhttp://www.loc.gov/catdir/description/random049/00105957.html
906 _a7
_bcbc
_corignew
_d2
_eepcn
_f20
_gy-gencatlg
925 0 _aacquire
_b2 shelf copies
_xpolicy default
001 data
999 _c35
_d35